000 00306nam a2200145Ia 4500
100 _aLinnert/ G.E.
490 _v2
942 _cRB
654 _aWelding
245 _aWelding metallurgy
260 _bAmerican Welding Society
_aNew York
_c1967
082 _a672.52
300 _a674
546 _aENGLISH
999 _c33043
_d33043